[Event "Dortmund ABC Aufstreber 16th"]
[Site "Dortmund"]
[Date "2001.11.24"]
[Round "10"]
[White "Kluge, Klaus"]
[Black "Fredersdorf, Theodor"]
[Result "0-1"]
[WhiteElo "1368"]
[BlackElo "1521"]
[PlyCount "36"]
[EventDate "2001.??.??"]
[EventType "tourn"]
[EventRounds "13"]
[EventCountry "GER"]
[SourceTitle "EXT 2003"]
[Source "ChessBase"]
[SourceDate "2002.11.25"]
[SourceVersion "1"]
[SourceVersionDate "2002.11.25"]
[SourceQuality "1"]

1. d4 Nf6 2. c4 e6 3. Nc3 d5 4. cxd5 exd5 5. Nf3 c6 6. a3 h6 7. b4 Bg4 8. e3 Bd6 9. g3 Ne4 10. Bb2 Nd7 11. Be2 Qf6 12. 0-0 Bh3 13. Re1 h5 14. Bf1 Bg4 15. Bg2 h4 16. h3 hxg3 17. fxg3 Bxh3 18. Nh4 Qf2+ 0-1

[Event "Dortmund ABC Aufstreber 16th"]
[Site "Dortmund"]
[Date "2001.11.16"]
[Round "8"]
[White "Baier, Joerg"]
[Black "Fredersdorf, Theodor"]
[Result "1-0"]
[WhiteElo "1448"]
[BlackElo "1521"]
[PlyCount "113"]
[EventDate "2001.??.??"]
[EventType "tourn"]
[EventRounds "13"]
[EventCountry "GER"]
[SourceTitle "EXT 2003"]
[Source "ChessBase"]
[SourceDate "2002.11.25"]
[SourceVersion "1"]
[SourceVersionDate "2002.11.25"]
[SourceQuality "1"]

1. Nf3 Nf6 2. c4 d6 3. g3 e5 4. d3 h6 5. Bg2 c6 6. Nc3 Be7 7. 0-0 Be6 8. Ne1 Nh7 9. b3 0-0 10. Bb2 Na6 11. d4 Bf6 12. dxe5 Bxe5 13. f4 Bxc3 14. Bxc3 Nf6 15. e4 Ng4 16. Nc2 Qb6+ 17. Qd4 Qxd4+ 18. Bxd4 Nc7 19. e5 dxe5 20. fxe5 f6 21. exf6 Nxf6 22. Bxf6 Rxf6 23. Rxf6 gxf6 24. Nd4 Bg4 25. h3 Bh5 26. Nf5 Kh7 27. Nd6 Rb8 28. Re1 Na6 29. Re7+ Kg8 30. Be4 Rd8 31. Bh7+ Kf8 32. Re6 Nc5 33. Rxf6+ Ke7 34. Rf5 Rxd6 35. Rxh5 Nd7 36. Ra5 a6 37. Kf2 Rd2+ 38. Ke3 Rg2 39. Kf3 Rh2 40. h4 Rh1 41. Kg2 Rd1 42. Rf5 Rd6 43. h5 Nf6 44. Bg6 Rd2+ 45. Rf2 Rd7 46. Bf5 Rc7 47. g4 Kf8 48. Re2 Rg7 49. Kf3 Rf7 50. Kf4 Nh7 51. Re6 Nf6 52. Ke5 Nd7+ 53. Kd6 Nb8 54. Rxh6 Rg7 55. Rh8+ Rg8 56. Rxg8+ Kxg8 57. Kc7 1-0

[Event "Dortmund ABC Aufstreber 16th"]
[Site "Dortmund"]
[Date "2001.10.31"]
[Round "5"]
[White "Fredersdorf, Theodor"]
[Black "Schrimpl, Michael"]
[Result "1/2-1/2"]
[WhiteElo "1521"]
[BlackElo "1400"]
[PlyCount "59"]
[EventDate "2001.??.??"]
[EventType "tourn"]
[EventRounds "13"]
[EventCountry "GER"]
[SourceTitle "EXT 2003"]
[Source "ChessBase"]
[SourceDate "2002.11.25"]
[SourceVersion "1"]
[SourceVersionDate "2002.11.25"]
[SourceQuality "1"]

1. e4 c6 2. d4 d5 3. exd5 cxd5 4. Nc3 a6 5. Nf3 Bf5 6. Bf4 Nc6 7. a3 e6 8. Bd3 Bg4 9. h3 Bxf3 10. Qxf3 Nxd4 11. Qd1 Bd6 12. Bxd6 Qxd6 13. Bxh7 Qe5+ 14. Ne2 Qxe2+ 15. Qxe2 Nxe2 16. Bxg8 Rxg8 17. Kxe2 b5 18. c3 Ke7 19. Rad1 g5 20. Rd4 Rac8 21. Ra1 Rc4 22. Rxc4 bxc4 23. Rd1 a5 24. Ke3 f5 25. Kd4 Kd6 26. Re1 Rh8 27. Rb1 Rh4+ 28. Ke3 a4 29. Rd1 Re4+ 30. Kd2 1/2-1/2

[Event "Dortmund2"]
[Site "Dortmund"]
[Date "2001.06.20"]
[Round "12"]
[White "Grawe, Herbert"]
[Black "Fredersdorf, Theodor"]
[Result "1-0"]
[WhiteElo "1409"]
[BlackElo "1513"]
[PlyCount "43"]
[EventDate "2001.04.25"]
[EventType "tourn"]
[EventRounds "13"]
[EventCountry "GER"]
[SourceTitle "EXT 2007"]
[Source "ChessBase"]
[SourceDate "2006.11.23"]
[SourceVersion "1"]
[SourceVersionDate "2006.11.23"]
[SourceQuality "1"]

1. d4 d5 2. c4 e6 3. Nf3 Be7 4. Nc3 c6 5. Bf4 Nd7 6. e3 Ngf6 7. Bd3 dxc4 8. Bxc4 Nd5 9. Bg3 Nxc3 10. bxc3 Nf6 11. 0-0 0-0 12. Re1 Ne4 13. Qd3 Nxg3 14. hxg3 b5 15. Bb3 a6 16. Bc2 g6 17. Ne5 Qc7 18. f4 Bb7 19. e4 Rad8 20. f5 exf5 21. exf5 g5 22. f6 1-0

[Event "Dortmund2"]
[Site "Dortmund"]
[Date "2001.05.25"]
[Round "7"]
[White "Fredersdorf, Theodor"]
[Black "Werninghaus, Klaus Peter"]
[Result "1-0"]
[WhiteElo "1513"]
[BlackElo "1407"]
[PlyCount "57"]
[EventDate "2001.04.25"]
[EventType "tourn"]
[EventRounds "13"]
[EventCountry "GER"]
[SourceTitle "EXT 2007"]
[Source "ChessBase"]
[SourceDate "2006.11.23"]
[SourceVersion "1"]
[SourceVersionDate "2006.11.23"]
[SourceQuality "1"]

1. e4 c6 2. d4 d5 3. e5 Qa5+ 4. c3 Bf5 5. Nd2 e6 6. f4 h5 7. Ngf3 Be7 8. Nb3 Qa4 9. Bd3 Bxd3 10. Qxd3 Qa6 11. Qc2 b6 12. f5 exf5 13. Qxf5 g6 14. Qc2 Qc8 15. 0-0 c5 16. Be3 c4 17. Nbd2 h4 18. Rae1 h3 19. g3 Rh5 20. e6 Kf8 21. exf7 Kg7 22. fxg8Q+ Qxg8 23. Ne5 Rxe5 24. dxe5 Nc6 25. Rf3 Nxe5 26. Bd4 Bc5 27. Rxe5 Bxd4+ 28. cxd4 Re8 29. Qa4 1-0

[Event "Dortmund ABC Aufstreber 14th"]
[Site "Dortmund"]
[Date "2000.11.29"]
[Round "11"]
[White "Fredersdorf, Theodor"]
[Black "Gerke, Dieter"]
[Result "1-0"]
[WhiteElo "1528"]
[BlackElo "1396"]
[PlyCount "75"]
[EventDate "2000.??.??"]
[EventType "tourn"]
[EventRounds "11"]
[EventCountry "GER"]
[SourceTitle "EXT 2003"]
[Source "ChessBase"]
[SourceDate "2002.11.25"]
[SourceVersion "1"]
[SourceVersionDate "2002.11.25"]
[SourceQuality "1"]

1. e4 c5 2. Bc4 e6 3. Nf3 d6 4. d4 cxd4 5. Nxd4 Nc6 6. Be3 Nf6 7. Nc3 Be7 8. Qd2 Ng4 9. h3 Nxe3 10. fxe3 0-0 11. Nf3 a6 12. a3 b5 13. Ba2 Bb7 14. Qd3 Rc8 15. h4 Qb6 16. Ng5 Ne5 17. Qd4 Qxd4 18. exd4 Nc4 19. 0-0-0 Nxa3 20. Rd2 Nc4 21. Rf2 b4 22. Na4 Bxg5+ 23. hxg5 Bxe4 24. Re2 Bg6 25. Rh3 Rc7 26. Rb3 a5 27. Rg3 Rfc8 28. Bb1 e5 29. b3 Na3 30. Nb6 Re8 31. Nd5 Rc6 32. Rge3 e4 33. c4 bxc3 34. Bxe4 Bxe4 35. Rxe4 Rxe4 36. Rxe4 Kf8 37. Re7 Nb5 38. Rb7 1-0

[Event "Dortmund ABC Aufstreber 14th"]
[Site "Dortmund"]
[Date "2000.11.18"]
[Round "9"]
[White "Fredersdorf, Theodor"]
[Black "Kluge, Klaus"]
[Result "1-0"]
[WhiteElo "1528"]
[BlackElo "1354"]
[PlyCount "99"]
[EventDate "2000.??.??"]
[EventType "tourn"]
[EventRounds "11"]
[EventCountry "GER"]
[SourceTitle "EXT 2003"]
[Source "ChessBase"]
[SourceDate "2002.11.25"]
[SourceVersion "1"]
[SourceVersionDate "2002.11.25"]
[SourceQuality "1"]

1. e4 e5 2. Nf3 Nc6 3. Bc4 Bc5 4. c3 Nf6 5. d4 Bb6 6. dxe5 Nxe4 7. 0-0 Nc5 8. Ng5 Ne6 9. Nxe6 dxe6 10. Qg4 g6 11. Bg5 Ne7 12. Rd1 Bd7 13. Bf6 h5 14. Qg5 Rh7 15. Nd2 Kf8 16. Ne4 Qe8 17. Bxe7+ Qxe7 18. Qxe7+ Kxe7 19. Nf6 Bc6 20. Nxh7 Rh8 21. Ng5 h4 22. Rd2 Rh5 23. Nf3 Bxf3 24. gxf3 Rxe5 25. Rad1 h3 26. Rd7+ Kf6 27. Bf1 g5 28. Bxh3 Re2 29. R7d2 Bxf2+ 30. Kf1 Rxd2 31. Rxd2 Be3 32. Rd3 Bf4 33. b4 Bxh2 34. Kg2 Bd6 35. a4 Ke7 36. Kf2 Bf4 37. Ke2 f5 38. Rd1 Bd6 39. Kd3 Kf6 40. Re1 e5 41. Kc4 g4 42. fxg4 f4 43. Bg2 Kg5 44. Bf3 b6 45. Kd5 Kh4 46. Rg1 Kg5 47. Rh1 Kf6 48. Rh5 Kg6 49. Rf5 c5 50. Kxd6 1-0

[Event "Dortmund ABC Aufstreber 14th"]
[Site "Dortmund"]
[Date "2000.10.14"]
[Round "2"]
[White "Graul, Paul"]
[Black "Fredersdorf, Theodor"]
[Result "1-0"]
[WhiteElo "1532"]
[BlackElo "1528"]
[PlyCount "92"]
[EventDate "2000.??.??"]
[EventType "tourn"]
[EventRounds "11"]
[EventCountry "GER"]
[SourceTitle "EXT 2003"]
[Source "ChessBase"]
[SourceDate "2002.11.25"]
[SourceVersion "1"]
[SourceVersionDate "2002.11.25"]
[SourceQuality "1"]

1. c4 e5 2. Nc3 d6 3. Nf3 Be6 4. d4 exd4 5. Nxd4 Nf6 6. e4 Be7 7. Be2 Nbd7 8. a3 0-0 9. 0-0 Nc5 10. f3 c6 11. Be3 Nfd7 12. b4 Na6 13. b5 cxb5 14. Ncxb5 Nac5 15. Nxe6 fxe6 16. Nxd6 Qb6 17. Nb5 a6 18. Nd4 Bf6 19. Rb1 Qc7 20. Nb3 Na4 21. Bd4 Ne5 22. c5 Rfd8 23. Qc2 b6 24. f4 Nf3+ 25. Rxf3 Bxd4+ 26. Nxd4 Rxd4 27. Rb4 Qxc5 28. Qxc5 bxc5 29. Rxd4 cxd4 30. Rd3 Rd8 31. Kf2 Nc5 32. Rd1 Nxe4+ 33. Kf3 Nc3 34. Rd3 Kf7 35. g4 Rd5 36. Rd2 Nb1 37. Rd3 Nc3 38. Bf1 Na4 39. Rb3 Nc5 40. Rb2 e5 41. Bc4 e4+ 42. Ke2 Ke6 43. Rb6+ Kd7 44. Bxd5 Nd3 45. Bxe4 Nxf4+ 46. Kd2 Ne6 1-0

[Event "Dortmund ABC Aufstreber 14th"]
[Site "Dortmund"]
[Date "2000.10.11"]
[Round "1"]
[White "Kliche, Udo"]
[Black "Fredersdorf, Theodor"]
[Result "0-1"]
[WhiteElo "1470"]
[BlackElo "1528"]
[PlyCount "46"]
[EventDate "2000.??.??"]
[EventType "tourn"]
[EventRounds "11"]
[EventCountry "GER"]
[SourceTitle "EXT 2003"]
[Source "ChessBase"]
[SourceDate "2002.11.25"]
[SourceVersion "1"]
[SourceVersionDate "2002.11.25"]
[SourceQuality "1"]

1. d4 Nf6 2. c4 e6 3. Nc3 d5 4. cxd5 exd5 5. Bg5 Be7 6. e3 c6 7. Bd3 0-0 8. Qc2 h6 9. Bh4 Be6 10. Nge2 Nbd7 11. f4 Nb6 12. 0-0-0 Ng4 13. Bxe7 Qxe7 14. Ng3 Nxe3 15. Nf5 Bxf5 16. Rde1 Bxd3 17. Qxd3 Rfe8 18. Re2 Nbc4 19. Kb1 Qb4 20. Rhe1 Re7 21. Kc1 Rae8 22. Nb1 Nxb2 23. Qb3 Qxb3 0-1